=LDR 00000nam 2200000 4500 =001 INLIS000000000016605 =005 20200224093330 =035 ##$$a 0010-061300000016605 =008 200224################g##########0#ind## =041 ##$$a Ind =082 ##$$a 111.804 =090 ##$$a 005.7, Cah p =100 1#$$a Zaid, Nasr Hamid Abu =245 1#$$a Teks otoritas kebenaran /$c Nasr Hamid Abu Zaid =260 ##$$a Yogyakarta :$b LKiS,$c 2003 =300 ##$$a x, 357 hlm. ; $c 14x21 cm. =650 #4$$a Kebenaran-Konsep Teks =850 ##$$a NBPNMAT =020 ##$$a 979-3381-31-0 =084 ##$$a 111.804 ZAI t =504 ##$$a Indeks : hlm.353 - 357 =990 ##$$a 10311464 =990 ##$$a 10311466 =990 ##$$a 10311463